| 000 | 02506nam a2200445 a 4500 | ||
|---|---|---|---|
| 001 | ebr10268982 | ||
| 003 | CaPaEBR | ||
| 006 | m u | ||
| 007 | cr cn||||||||| | ||
| 008 | 080206s2008 nyua sb 001 0 eng | ||
| 010 | _z 2008004067 | ||
| 015 |
_aGBA868592 _2bnb |
||
| 016 | 7 |
_z014621386 _2Uk |
|
| 020 | _z9780814719916 (cl : alk. paper) | ||
| 020 | _z0814719910 (cl : alk. paper) | ||
| 020 | _z9780814719923 (pb : alk. paper) | ||
| 020 | _z0814719929 (pb : alk. paper) | ||
| 040 |
_aCaPaEBR _cCaPaEBR |
||
| 035 | _a(OCoLC)646787398 | ||
| 043 | _an-us--- | ||
| 050 | 1 | 4 |
_aBF724.3.I3 _bD48 2008eb |
| 082 | 0 | 4 |
_a155.5/1825 _222 |
| 100 | 1 | _aDeutsch, Nancy L. | |
| 245 | 1 | 0 |
_aPride in the projects _h[electronic resource] : _bteens building identities in urban contexts / _cNancy L. Deutsch. |
| 260 |
_aNew York : _bNew York University Press, _cc2008. |
||
| 300 |
_aviii, 279 p. : _bill. |
||
| 490 | 1 | _aQualitative studies in psychology | |
| 504 | _aIncludes bibliographical references (p. [245]-270) and index. | ||
| 505 | 0 | _a"There are birds in the projects": understanding the ecology of adolescent development in urban America -- "I give people a lot of respect": the self in interpersonal relationships -- "I never thought kids would look up to someone like me": Lorenzo's story -- "I can't act ghetto in the ghetto no more": self, society, and social categories -- "I've never seen any dark-skinned girls in videos": Nicole's story -- "I can't lose to no girl, man": the gendered self -- "Manly, take charge, the head man, the king": John's story -- "If I never came here I'd be irresponsible, like a little kid": after-school programs as sites of development and identity construction. | |
| 533 |
_aElectronic reproduction. _bPalo Alto, Calif. : _cebrary, _d2013. _nAvailable via World Wide Web. _nAccess may be limited to ebrary affiliated libraries. |
||
| 650 | 0 |
_aIdentity (Psychology) in adolescence _zUnited States _vCase studies. |
|
| 650 | 0 |
_aUrban youth _zUnited States _xPsychology _vCase studies. |
|
| 650 | 0 |
_aYouth with social disabilities _zUnited States _xPsychology _vCase studies. |
|
| 650 | 0 |
_aInterpersonal relations _zUnited States _vCase studies. |
|
| 650 | 0 |
_aAfter-school programs _zUnited States. |
|
| 655 | 7 |
_aElectronic books. _2local |
|
| 710 | 2 | _aebrary, Inc. | |
| 830 | 0 | _aQualitative studies in psychology. | |
| 856 | 4 | 0 |
_uhttp://site.ebrary.com/lib/rucke/Doc?id=10268982 _zAn electronic book accessible through the World Wide Web; click to view |
| 999 |
_c8307 _d8307 |
||